| 000 | 00655nam a22002177a 4500 | ||
|---|---|---|---|
| 999 |
_c11712 _d11712 |
||
| 003 | AR-CdUCM | ||
| 008 | 190404b ||||| |||| 00| 0 spa d | ||
| 040 |
_aMUNICIPALIDAD PROVINCIAL DEL CUSCO _cBIBLIOTECA MUNICIPAL DEL CUSCO |
||
| 082 |
_a171 / _bM11 / 1828 |
||
| 100 |
_aMably, Abate _929201 |
||
| 245 | _aPrincipios de moral / | ||
| 260 |
_aParís : _bEn casa de Rosa, librero, _c1828. |
||
| 300 |
_a218 paginas ; _c17 cm. |
||
| 505 | _aContenido :La moral | ||
| 650 |
_aDeberes _916192 |
||
| 650 |
_aDisciplina _98638 |
||
| 650 |
_aMoralidad _93469 |
||
| 700 |
_aPeñafiel (Traductor) _929202 |
||
| 942 |
_2ddc _cLIBROS |
||
| 945 |
_awnts _d2019-04-04 |
||